[Event "SVK-chT2D 1516"]
[Site "Slovakia"]
[Date "2016.03.12"]
[Round "10.8"]
[White "Pollak, Rudolf"]
[Black "Jakubco, Stefan"]
[Result "1-0"]
[WhiteElo "1739"]
[BlackElo "1365"]
[PlyCount "73"]
[EventDate "2015.10.17"]
[EventType "team-tourn"]
[EventRounds "11"]
[EventCountry "SVK"]
[SourceTitle "EXT 2017"]
[Source "ChessBase"]
[SourceDate "2016.10.25"]
[SourceVersion "1"]
[SourceVersionDate "2016.10.25"]
[SourceQuality "1"]
[WhiteTeam "Bardejov II"]
[BlackTeam "Presov Tatran"]
[WhiteTeamCountry "SVK"]
[BlackTeamCountry "SVK"]

1. e4 e5 2. Nf3 Nc6 3. Bb5 d6 4. d4 Bd7 5. 0-0 Nxd4 6. Bxd7+ Qxd7 7. Nxd4 exd4 8. Qxd4 c5 9. Qd3 Nf6 10. Nc3 Be7 11. h3 0-0 12. Bg5 h6 13. Bh4 Nh5 14. Bxe7 Qxe7 15. Rad1 Rfd8 16. Nd5 Qd7 17. Qf3 Nf6 18. Nxf6+ gxf6 19. Qxf6 Qe6 20. Qf4 Kh7 21. Rd5 Rd7 22. Rfd1 Rad8 23. g4 Qg6 24. Kh2 b6 25. R1d3 b5 26. Rh5 f6 27. Rdd5 Rf7 28. f3 Rfd7 29. Rhf5 Kg7 30. h4 a5 31. Qd2 b4 32. c4 a4 33. Rh5 Rh8 34. Rxd6 Rc7 35. Rhd5 Qe8 36. Rd7+ Rxd7 37. Rxd7+ 1-0